Kifayatul Akhyar(Kelengkapan orang saleh)

Bibliographic Details
Main Author: Taqiyuddin Abu Bakar bin Muhammad Al-Husaini
Other Authors: Syed Ahmad Semaut
Format: Book
Published: Singapura : Pustaka Nasional , 1993
Subjects:

MARC

LEADER 00000cam a2200000 7i4500
001 0000004561
002 000004918
005 20000330.0
020 |a 997177321X 
090 0 0 |a 297.07   |b TAQ 
100 0 |a Taqiyuddin Abu Bakar bin Muhammad Al-Husaini   |f Imam 
245 1 0 |a Kifayatul Akhyar(Kelengkapan orang saleh)   |c Imam Taqiyuddin Abu Bakar bin Muhammad Al-Husaini 
255 |a Bahagian kedua 
260 |a Singapura :   |b Pustaka Nasional ,   |c 1993 
300 |a 624p. ;   |c 22cm. 
650 0 0 |a Islamic education 
700 0 |a Syed Ahmad Semaut 
999 |a 034643   |b BUKU   |c RUJUKAN   |e PERPUSTAKAAN KOMUNITI PETALING JAYA 
999 |a 034644   |b BUKU   |c PINJAMAN   |e PERPUSTAKAAN KOMUNITI PETALING JAYA